000 01015cad a22001935a 4500
001 L152484
008 110316e2011 xxk 000 0 eng d
035 _a(Sirsi) u152484
041 0 _aeng
245 0 0 _aJames Andrew Robinson v P. E. Jones (Contractors) Limited
_h[electronic resource]
260 _c2011
520 _a[2011] EWCA Civ 9 (0359), 18 January 2011. Contractor's duty of care; how it applies to building contracts; contractual clause; tortious liability; torts; construction law; law of limitation; limitation periods; claim; economic loss.
590 _aKA
650 2 4 _aJAMES ANDREW ROBINSON V P. E. JONES (CONTRACTORS) LIMITED
651 4 _aEngland and Wales
_y1543-
690 _aBUILT ENVIRONMENT-CONSTRUCTION MANAGEMENT-BUILDING CONTRACT ADMINISTRATION
856 4 8 _uhttps://www.bailii.org/cgi-bin/markup.cgi?doc=/ew/cases/EWCA/Civ/2011/9.html&query=title+(+robinson+)+and+title+(+v+)+and+title+(+jones+)&method=boolean
_zView the law report free of charge at www.bailii.org
942 _n0
999 _c82983
_d82983